00230nam a22000977a 4500008004100000082001500041110001100056245004000067260001700107300000800124230704b xxu||||| |||| 00| 0 eng d a363.3bUNI bUNICEF aconsolidated Emergency Donor Report bUNICEFc2001 a57p